The franchise affair : Intermediate level

Αποθηκεύτηκε σε:
Λεπτομέρειες βιβλιογραφικής εγγραφής
Κύριος συγγραφέας: Tey, Josephine 1896 or 7-1952
Μορφή: Βιβλίο
Γλώσσα:English
Δημοσίευση: Oxford : Heinemann, 1992
Θέματα:
Ετικέτες: Προσθήκη ετικέτας
Δεν υπάρχουν, Καταχωρήστε ετικέτα πρώτοι!

MARC

LEADER 00000nam a2200000 i 4500
001 1/23114
008 950314s1992 eng d
020 |a 0-435-27233-0 
035 |l 10022023 
040 |a GR-MY-UA  |b gre  |e aacr 
041 0 |a eng 
082 0 |a 428.64 
100 1 |a Tey, Josephine  |d 1896 or 7-1952. 
245 1 4 |a The franchise affair :  |b Intermediate level /  |c Josephine Tey 
260 |a Oxford :   |b Heinemann,   |c 1992 
650 0 0 |a English language  |x Readers. 
852 |a INST  |b CHIOS  |e 19950314  |h 428.64 TEY  |p 005200003924  |q 005200003924  |t BK  |y 0 
909 |a Χ  |b 037409